চতুর্থ শিল্পবিপ্লব ও বাংলাদেশ / (Record no. 259066)
[ view plain ]
| 000 -LEADER | |
|---|---|
| fixed length control field | 00849nam a22002057a 4500 |
| 003 - CONTROL NUMBER IDENTIFIER | |
| control field | BD-DhUL |
| 005 - DATE AND TIME OF LATEST TRANSACTION | |
| control field | 20240229115525.0 |
| 008 - FIXED-LENGTH DATA ELEMENTS--GENERAL INFORMATION | |
| fixed length control field | 240229s2020 bg ||||| |||| 00| 0 ben d |
| 020 ## - INTERNATIONAL STANDARD BOOK NUMBER | |
| International Standard Book Number | 9789849266266 (hbk) |
| 040 ## - CATALOGING SOURCE | |
| Original cataloging agency | BD-DhUL |
| Transcribing agency | BD-DhUL |
| 082 ## - DEWEY DECIMAL CLASSIFICATION NUMBER | |
| Classification number | 338.064 |
| Item number | TAC |
| 100 0# - MAIN ENTRY--PERSONAL NAME | |
| Personal name | তৈয়্যব, ফয়েজ আহমদ |
| 245 00 - TITLE STATEMENT | |
| Title | চতুর্থ শিল্পবিপ্লব ও বাংলাদেশ / |
| Statement of responsibility, etc. | ফয়েজ আহমদ তৈয়্যব |
| 260 ## - PUBLICATION, DISTRIBUTION, ETC. (IMPRINT) | |
| Place of publication, distribution, etc. | ঢাকা : |
| Name of publisher, distributor, etc. | আদর্শ, |
| Date of publication, distribution, etc. | ২০২০ । |
| 300 ## - PHYSICAL DESCRIPTION | |
| Extent | ৩৩৩ পৃ. : |
| Other physical details | চিত্র ; |
| Dimensions | ২১ সেমি |
| 365 ## - TRADE PRICE | |
| Price type code | BDT |
| Price amount | 780.00 |
| 650 4# - SUBJECT ADDED ENTRY--TOPICAL TERM | |
| Topical term or geographic name as entry element | প্রযু্ক্তিগত উদ্ভাবন |
| General subdivision | অর্থনৈতিক দিক |
| 650 4# - SUBJECT ADDED ENTRY--TOPICAL TERM | |
| Topical term or geographic name as entry element | Technological innovations |
| General subdivision | Economic aspects |
| 942 ## - ADDED ENTRY ELEMENTS (KOHA) | |
| Source of classification or shelving scheme | |
| Koha item type | Books |
| Price effective from | Date last seen | Permanent Location | Not for loan | Date acquired | Source of classification or shelving scheme | Koha item type | Lost status | Withdrawn status | Copy number | Source of acquisition | Collection code | Damaged status | Shelving location | Barcode | Current Location | Public note | Full call number |
|---|---|---|---|---|---|---|---|---|---|---|---|---|---|---|---|---|---|
| 2024-02-29 | 2024-02-29 | Dhaka University Library | 2024-02-29 | Books | 1 | Purchased | Non Fiction | General Stacks | 530587 | Dhaka University Library | Political Science | 338.064 TAC | |||||
| 2024-02-29 | 2024-02-29 | Dhaka University Library | 2024-02-29 | Books | 2 | Purchased | Non Fiction | General Stacks | 530588 | Dhaka University Library | Political Science | 338.064 TAC | |||||
| 2024-02-29 | 2024-02-29 | Dhaka University Library | 2024-02-29 | Books | 3 | Purchased | Non Fiction | General Stacks | 530589 | Dhaka University Library | Political Science | 338.064 TAC | |||||
| 2024-02-29 | 2024-02-29 | Dhaka University Library | 2024-02-29 | Books | 4 | Purchased | Non Fiction | General Stacks | 530590 | Dhaka University Library | tr. to Political Science | 338.064 TAC | |||||
| 2024-02-29 | 2024-02-29 | Dhaka University Library | 2024-02-29 | Books | 5 | Purchased | Non Fiction | General Stacks | 530591 | Dhaka University Library | tr. to Political Science | 338.064 TAC |
